00834 2200277 4500001002100000005001700021008004100038020001800079035002400097040001200121082001000133084001400143090001800157245007400175250001100249260010300260300003800363504002900401650001700430700001600447700002200463700002000485700001700505850001600522990001800538INLIS00000000002367420161028131511.0  a979-9246-55-5 0010-101600000000626 aYOPDYOG a746.6 a746.6 Cor aBTR 746.6 Cor aCorak dan Ragi Tenun Melayu Riauc/ Tim Penulis, H. Abdul Malik, dkk. aCet. 1 aYogyakartabBalai Kajian dan Pengembangan Budaya Melayu bekrjasama dengan Adicita Karya Nusac2004 axxii, 220 hlm.b: ilus.c; 24 cm. aBibliografi: hlm 219-220 aTenunan-Riau aAbdul Malik aTenas effendy, H. aHasan Junus, H. aAuzar Thaher aYOPDYOG, H. a52984-PD/A.16